000 00874nam a2200193Ia 4500
001 7982
003 GE_BSU
008 181216s||||||||xx |||||||||||||| ||und||
040 _cGE_BSU
245 _aმოამბე. №1
245 _bაკაკი წერეთლის სახელმწიფო უნივერსიტეტის:BULLETIN of Akaki Tsereteli State University.
245 _cმთ.რედ:ავთანდილ ნიკოლაიშვილი. სარედ.კოლ:იმერ ბასილაზე,ომარ კიკვიძე და სხვ.
260 _aქუთაისი.
260 _bაკაკი წერეთლის სახელმწიფო უნივერსიტეტი.
260 _c2013.
300 _a289გვ;25სმ.
653 _aმოამბე.
942 _cCR
999 _c41324
_d41324